000 00753cam a22001811 4500
001 000001896
005 20200929145740.0
008 801009s1920 ec c 000 0 spa
010 _a24008623
040 _aDO-SdBNP
_bspa
_cBNPHU
100 1 _aCalle, Manuel J.,
_d1866-1918.
_96183
245 1 0 _aBiografias y semblanzas.
260 _aQuito, Ecuador, :
_bTalleres tipograficos nacionales,
_c1920.
300 _axxxi, 294 p. :
_bports. ;
_c22 cm.
500 _aDated on cover: 1921.
505 0 _aPaginas preliminares [por R. R. Leon]--Un gran periodista muerto [Manuel J. Calle, por G. Zaldumbide]--Luis Cordero.--Remigio Crespo Toral.--Federico Gonzalez Suarez.--Luis A. Martinez.--Juan B. Vela.--Honorato Vazquez.
651 0 _aEcuador
_vBiography.
_96184
999 _c1768
_d1768